| 000 | 00487nam a2200181Ia 4500 | ||
|---|---|---|---|
| 008 | 230917s9999||||xx |||||||||||||| ||und|| | ||
| 020 | _cUSD80 | ||
| 040 |
_e245739 _aMAIN |
||
| 041 | _aEnglish | ||
| 082 | _a005.55 K727I(2) | ||
| 100 | _aKnapp, Herschel | ||
| 245 | 0 | _aIntroductory statistics using SPSS | |
| 250 | _a2nd ed. | ||
| 260 |
_aCalifornia _bSage Publications _c2017 |
||
| 300 | _axxv, 286 p. | ||
| 500 | _a3037 05/02/2018 HBD18/7361 16/03/2018 Main Budget | ||
| 942 | _cBK | ||
| 999 |
_c25863 _d25863 |
||